Gran enciclopedia del saber / (Registro nro. 15498)
[ vista simple ]
| 000 -LEADER | |
|---|---|
| fixed length control field | 00819nam a22002417a 4500 |
| 003 - CONTROL NUMBER IDENTIFIER | |
| control field | OSt |
| 005 - DATE AND TIME OF LATEST TRANSACTION | |
| control field | 20210325135929.0 |
| 008 - FIXED-LENGTH DATA ELEMENTS--GENERAL INFORMATION | |
| fixed length control field | 210325s2010 pe ao||gr|||| 00| 0 spa d |
| 020 ## - INTERNATIONAL STANDARD BOOK NUMBER | |
| International Standard Book Number | 9789568631055 |
| Qualifying information | Colección |
| 020 ## - INTERNATIONAL STANDARD BOOK NUMBER | |
| International Standard Book Number | 9789568631109 |
| Qualifying information | V. 5 |
| 040 ## - CATALOGING SOURCE | |
| Original cataloging agency | CO-JMCR |
| Transcribing agency | CO-JMCR |
| 041 0# - LANGUAGE CODE | |
| Language code of text/sound track or separate title | spa |
| 082 04 - DEWEY DECIMAL CLASSIFICATION NUMBER | |
| Classification number | R / 036.1 / |
| Item number | H711g |
| Edition number | 21 |
| 100 1# - MAIN ENTRY--PERSONAL NAME | |
| Personal name | Hoffmann, Gudrun, |
| Relator term | autor |
| 9 (RLIN) | 36545 |
| 245 10 - TITLE STATEMENT | |
| Title | Gran enciclopedia del saber / |
| Statement of responsibility, etc. | Gudrun Hoffmann, Ute Kleinelümern, Hans W.Kothe |
| 260 ## - PUBLICATION, DISTRIBUTION, ETC. | |
| Place of publication, distribution, etc. | Lima : |
| Name of publisher, distributor, etc. | National Geographic, |
| Date of publication, distribution, etc. | 2010 |
| 300 ## - PHYSICAL DESCRIPTION | |
| Extent | 16 volúmenes : |
| Other physical details | ilustraciones y fotografías a color ; |
| Dimensions | 27 cm. |
| 505 2# - FORMATTED CONTENTS NOTE | |
| Miscellaneous information | V.5. |
| Title | Plantas y animales |
| 650 04 - SUBJECT ADDED ENTRY--TOPICAL TERM | |
| Topical term or geographic name entry element | Enciclopedias y diccionarios |
| 9 (RLIN) | 2047 |
| 700 1# - ADDED ENTRY--PERSONAL NAME | |
| Personal name | Kleinelümern, Ute, |
| Relator term | autor |
| 9 (RLIN) | 36546 |
| 700 1# - ADDED ENTRY--PERSONAL NAME | |
| Personal name | Kothe, Hans W., |
| Relator term | autor |
| 9 (RLIN) | 36547 |
| 942 ## - ADDED ENTRY ELEMENTS (KOHA) | |
| Source of classification or shelving scheme | Dewey Decimal Classification |
| Koha item type | Books |
| Withdrawn status | Lost status | Source of classification or shelving scheme | Damaged status | Not for loan | Collection code | Home library | Current library | Date acquired | Source of acquisition | Total Checkouts | Full call number | Barcode | Date last seen | Date last checked out | Copy number | Price effective from | Koha item type |
|---|---|---|---|---|---|---|---|---|---|---|---|---|---|---|---|---|---|
| Dewey Decimal Classification | Non-fiction | Biblioteca Pública José María del Castillo y Rada | Biblioteca Pública José María del Castillo y Rada | 10/02/2020 | Donación | 1 | R / 036.1 / H711g | 201810987 | 07/29/2022 | 07/29/2022 | Ej.1 | 03/25/2021 | Books |